000 00707nam a22002537i 4500
003 DO-SdBNP
005 20250421103150.0
007 ta
008 250421b2024 |||||||| |||| 00| 0 eng d
020 _a9789945654585
040 _aDO-SdBNP
_bspa
_cBNPHU
_erda
041 _hspa
082 _axxx
_bS194e
_222
100 1 _aSan Juan, Mario de
_eautor
_975580
245 1 0 _aEspantapájaros :
_bcuento /
_cMario de San Juan
264 _aSanto Domingo :
_bSoto Castillo,
_c2024.
300 _a76 páginas ;
_c24 cm
336 _ardacontent
_btexto
_2txt
337 _ardamedia
_bsin mediación
_2n
338 _ardacarrier
_bvolumen
_2nc
590 _aInventariado, 2025 /DG
910 _aDG
942 _2ddc
_cLBS1
999 _c58310
_d58310